| 000 | 00830nam a2200253Ia 4500 | ||
|---|---|---|---|
| 003 | GCL | ||
| 005 | 20240530103149.0 | ||
| 008 | 140319s9999 xx 000 0 ara d | ||
| 040 |
_aGCL / _cGCL |
||
| 082 | 0 | 4 |
_a327.11 _bا ق |
| 100 | 1 | _aاحمد على فهمى | |
| 245 | 1 | 0 |
_aقيادات ومواقف: _bشهادة للتاريخ / _cاحمد على فهمى |
| 260 |
_a[S.N] : _bالمكتب المصرى الحديث ، _c1993 |
||
| 300 | _a407 ص | ||
| 650 | 0 | 4 | _aالكويت |
| 650 | 0 | 4 | _aالعالم العربى |
| 650 | 0 | 4 | _aالاحوال السياسية |
| 650 | 0 | 4 | _aالعراق |
| 650 | 0 | 4 | _aالقضية الفلسطينية |
| 650 | 0 | 4 | _aحرب الخليج |
| 650 | 0 | 4 | _aالمملكة العربية السعودية |
| 650 | 0 | 4 | _aايران - الاحوال السياسية |
| 942 |
_2ddc _cBK |
||
| 999 |
_c37269 _d37269 |
||